000 00970cam a2200217 4500
001 WB3712-22
008 000000n2001 000 0 eng u
035 _a(Sirsi) u111610
245 _aCorporation unveils rent reform proposals
260 _c2001
490 _aHousing Today
_v(226) 22 March 2001, 3(1)
520 _aThe Housing Corporation has called on registered social landlords to show greater flexibility and consult tenants over rent rise and plans as part of its proposals for rent reform, but experts have warned that this could leave housing associations torn between priorities. "Rent influencing regime: our proposals for implementing rent restructuring" is available from the Housing Corporation, Tel: 020 7393 2228.
590 _aWB
650 _aREGISTERED SOCIAL LANDLORDS
650 _aRENT REFORM
650 _aRENT REGULATION
650 _aRENT REVIEWS
650 _aSOCIAL HOUSING
690 _aAffordable housing
_96215
942 _n0
999 _c66502
_d66502